[Event "DVM U20 2022"]
[Site "Münster GER"]
[Date "2022.12.28"]
[Round "4"]
[White "Kartsev, Nikolay"]
[Black "Neuhoff, Laertes"]
[Result "0-1"]
[Termination "normal"]
[Board "2.3"]
[WhiteElo "2074"]
[BlackElo "2033"]
[WhiteClock "00:00:38"]
[BlackClock "00:01:07"]
[WhiteTeam "Schachfreunde Brackel 1930 e. V."]
[BlackTeam "Schachgemeinschaft Leipzig"]
[PlyCount "128"]
[WhiteFideId "12939536"]
[BlackFideId "16279719"]
[EventCountry "GER"]
[EventRounds "7"]
[EventType "team-swiss"]
[EventDate "2022.12.26"]

1. e4 {[%clk 01:30:41]} {[%emt 00:00:19]} e5 {[%clk 01:30:52]} {[%emt
00:00:08]} 2. Nf3 {[%clk 01:30:39]} {[%emt 00:00:31]} Nc6 {[%clk 01:31:12]}
{[%emt 00:00:11]} 3. Bb5 {[%clk 01:31:03]} {[%emt 00:00:06]} a6 {[%clk
01:31:37]} {[%emt 00:00:04]} 4. Ba4 {[%clk 01:31:31]} {[%emt 00:00:02]} Nf6
{[%clk 01:31:56]} {[%emt 00:00:12]} 5. d3 {[%clk 01:31:56]} {[%emt 00:00:04]}
b5 {[%clk 01:32:14]} {[%emt 00:00:13]} 6. Bb3 {[%clk 01:32:20]} {[%emt
00:00:06]} Bc5 {[%clk 01:32:39]} {[%emt 00:00:05]} 7. O-O {[%clk 01:31:14]}
{[%emt 00:01:36]} d6 {[%clk 01:25:14]} {[%emt 00:07:55]} 8. c3 {[%clk
01:31:29]} {[%emt 00:00:15]} h6 {[%clk 01:25:30]} {[%emt 00:00:14]} 9. a4
{[%clk 01:29:21]} {[%emt 00:02:39]} Rb8 {[%clk 01:25:33]} {[%emt 00:00:25]} 10.
d4 {[%clk 01:24:22]} {[%emt 00:05:30]} Bb6 {[%clk 01:16:10]} {[%emt 00:09:51]}
11. Bd5 {[%clk 01:07:12]} {[%emt 00:17:42]} Bb7 {[%clk 00:59:13]} {[%emt
00:17:25]} 12. axb5 {[%clk 01:00:42]} {[%emt 00:07:02]} axb5 {[%clk 00:51:20]}
{[%emt 00:08:21]} 13. Qb3 {[%clk 00:54:51]} {[%emt 00:06:24]} O-O {[%clk
00:45:49]} {[%emt 00:05:59]} 14. dxe5 {[%clk 00:46:06]} {[%emt 00:09:16]} Nxe5
{[%clk 00:37:06]} {[%emt 00:09:12]} 15. Nxe5 {[%clk 00:45:34]} {[%emt
00:01:04]} dxe5 {[%clk 00:37:21]} {[%emt 00:00:14]} 16. Bxb7 {[%clk 00:32:28]}
{[%emt 00:13:36]} Rxb7 {[%clk 00:37:31]} {[%emt 00:00:19]} 17. Qc2 {[%clk
00:28:30]} {[%emt 00:04:28]} Qd7 {[%clk 00:29:48]} {[%emt 00:08:13]} 18. Nd2
{[%clk 00:26:12]} {[%emt 00:02:49]} Qg4 {[%clk 00:29:35]} {[%emt 00:00:43]} 19.
Re1 {[%clk 00:24:07]} {[%emt 00:02:35]} Nh5 {[%clk 00:25:13]} {[%emt 00:04:52]}
20. h3 {[%clk 00:21:40]} {[%emt 00:02:58]} Qg3 {[%clk 00:16:22]} {[%emt
00:09:20]} 21. Nf1 {[%clk 00:20:27]} {[%emt 00:01:41]} Qg6 {[%clk 00:16:36]}
{[%emt 00:00:18]} 22. Nh2 {[%clk 00:09:17]} {[%emt 00:11:40]} Rbb8 {[%clk
00:09:02]} {[%emt 00:08:03]} 23. Be3 {[%clk 00:06:37]} {[%emt 00:03:08]} Nf4
{[%clk 00:07:03]} {[%emt 00:02:31]} 24. Bxf4 {[%clk 00:06:44]} {[%emt
00:00:24]} exf4 {[%clk 00:07:31]} {[%emt 00:00:02]} 25. Rad1 {[%clk 00:06:20]}
{[%emt 00:00:53]} Rfe8 {[%clk 00:07:19]} {[%emt 00:00:43]} 26. Rd5 {[%clk
00:04:45]} {[%emt 00:02:03]} c6 {[%clk 00:04:51]} {[%emt 00:02:59]} 27. Rd2
{[%clk 00:04:06]} {[%emt 00:01:08]} Rbd8 {[%clk 00:05:08]} {[%emt 00:00:14]}
28. Rde2 {[%clk 00:02:16]} {[%emt 00:02:20]} Rd6 {[%clk 00:03:09]} {[%emt
00:02:29]} 29. Nf3 {[%clk 00:01:55]} {[%emt 00:00:50]} Rde6 {[%clk 00:02:29]}
{[%emt 00:01:11]} 30. b3 {[%clk 00:00:44]} {[%emt 00:01:40]} Bc5 {[%clk
00:00:58]} {[%emt 00:02:01]} 31. Kf1 {[%clk 00:01:05]} {[%emt 00:00:09]} R8e7
{[%clk 00:00:45]} {[%emt 00:00:43]} 32. Kg1 {[%clk 00:00:48]} {[%emt 00:00:47]}
Re8 {[%clk 00:01:06]} {[%emt 00:00:09]} 33. Kh2 {[%clk 00:00:58]} {[%emt
00:00:20]} Kh8 {[%clk 00:00:54]} {[%emt 00:00:42]} 34. Kh1 {[%clk 00:00:40]}
{[%emt 00:00:48]} Kg8 {[%clk 00:00:58]} {[%emt 00:00:27]} 35. Nh4 {[%clk
00:00:34]} {[%emt 00:00:36]} Qh5 {[%clk 00:01:06]} {[%emt 00:00:22]} 36. Nf3
{[%clk 00:00:37]} {[%emt 00:00:27]} Qg6 {[%clk 00:00:49]} {[%emt 00:00:47]} 37.
Qb1 {[%clk 00:00:37]} {[%emt 00:00:30]} Kh8 {[%clk 00:01:00]} {[%emt 00:00:19]}
38. Qc2 {[%clk 00:00:48]} {[%emt 00:00:18]} Kg8 {[%clk 00:01:26]} {[%emt
00:00:05]} 39. Qb1 {[%clk 00:01:02]} {[%emt 00:00:16]} Kh8 {[%clk 00:01:44]}
{[%emt 00:00:12]} 40. Kg1 {[%clk 00:00:42]} {[%emt 00:00:49]} Kg8 {[%clk
00:01:41]} {[%emt 00:00:34]} 41. Kf1 {[%clk 00:27:40]} {[%emt 00:03:32]} f6
{[%clk 00:28:09]} {[%emt 00:04:00]} 42. b4 {[%clk 00:24:37]} {[%emt 00:03:34]}
Bb6 {[%clk 00:28:25]} {[%emt 00:00:14]} 43. Qa2 {[%clk 00:23:16]} {[%emt
00:01:51]} Kh7 {[%clk 00:23:38]} {[%emt 00:05:16]} 44. Qc2 {[%clk 00:15:49]}
{[%emt 00:07:58]} Kh8 {[%clk 00:20:51]} {[%emt 00:03:17]} 45. c4 {[%clk
00:15:58]} {[%emt 00:00:21]} bxc4 {[%clk 00:14:33]} {[%emt 00:06:47]} 46. Qxc4
{[%clk 00:16:16]} {[%emt 00:00:13]} Kh7 {[%clk 00:11:34]} {[%emt 00:03:29]} 47.
Kg1 {[%clk 00:10:48]} {[%emt 00:05:58]} R8e7 {[%clk 00:08:54]} {[%emt
00:03:10]} 48. Kf1 {[%clk 00:07:24]} {[%emt 00:03:54]} Re8 {[%clk 00:08:54]}
{[%emt 00:00:29]} 49. e5 {[%clk 00:03:47]} {[%emt 00:04:08]} fxe5 {[%clk
00:03:57]} {[%emt 00:05:26]} 50. Nxe5 {[%clk 00:03:31]} {[%emt 00:00:47]} Qf5
{[%clk 00:02:36]} {[%emt 00:01:50]} 51. Qd3 {[%clk 00:03:55]} {[%emt 00:00:06]}
Qxd3 {[%clk 00:02:55]} {[%emt 00:00:11]} 52. Nxd3 {[%clk 00:04:20]} {[%emt
00:00:05]} Rxe2 {[%clk 00:03:02]} {[%emt 00:00:23]} 53. Rxe2 {[%clk 00:04:46]}
{[%emt 00:00:05]} Rxe2 {[%clk 00:03:26]} {[%emt 00:00:05]} 54. Kxe2 {[%clk
00:05:07]} {[%emt 00:00:09]} Bc7 {[%clk 00:03:29]} {[%emt 00:00:27]} 55. Kf3
{[%clk 00:05:14]} {[%emt 00:00:24]} Bd6 {[%clk 00:03:54]} {[%emt 00:00:04]} 56.
Ke4 {[%clk 00:05:27]} {[%emt 00:00:17]} g6 {[%clk 00:03:21]} {[%emt 00:01:03]}
57. Ne5 {[%clk 00:01:49]} {[%emt 00:04:07]} Bxb4 {[%clk 00:03:43]} {[%emt
00:00:09]} 58. Kxf4 {[%clk 00:01:44]} {[%emt 00:00:36]} c5 {[%clk 00:02:53]}
{[%emt 00:01:19]} 59. Ke4 {[%clk 00:01:58]} {[%emt 00:00:16]} Kg7 {[%clk
00:02:30]} {[%emt 00:00:53]} 60. Kd5 {[%clk 00:01:59]} {[%emt 00:00:29]} Bc3
{[%emt 00:01:17]} 61. Nd7 {[%clk 00:01:10]} {[%emt 00:01:16]} Bd4 {[%clk
00:02:13]} {[%emt 00:00:03]} 62. f3 {[%clk 00:00:52]} {[%emt 00:00:48]} Bg1
{[%clk 00:02:18]} {[%emt 00:00:26]} 63. g4 {[%clk 00:00:48]} {[%emt 00:00:34]}
h5 {[%clk 00:01:50]} {[%emt 00:00:58]} 64. Nxc5 {[%clk 00:00:38]} {[%emt
00:00:39]} hxg4 {[%clk 00:01:07]} {[%emt 00:01:14]} 0-1

[Event "DVM U20 2022"]
[Site "Münster GER"]
[Date "2022.12.28"]
[Round "4"]
[White "Faßhauer, Jacob"]
[Black "Bartelt, Max Peter"]
[Result "1/2-1/2"]
[Termination "normal"]
[Board "2.4"]
[WhiteElo "2127"]
[BlackElo "2026"]
[WhiteClock "00:23:01"]
[BlackClock "00:17:51"]
[WhiteTeam "Schachgemeinschaft Leipzig"]
[BlackTeam "Schachfreunde Brackel 1930 e. V."]
[PlyCount "51"]
[WhiteFideId "12990167"]
[BlackFideId "12967289"]
[EventCountry "GER"]
[EventRounds "7"]
[EventType "team-swiss"]
[EventDate "2022.12.26"]

1. e4 {[%clk 01:30:58]} {[%emt 00:00:01]} e6 {[%clk 01:30:56]} {[%emt
00:00:05]} 2. d4 {[%clk 01:31:18]} {[%emt 00:00:09]} d5 {[%clk 01:31:23]}
{[%emt 00:00:03]} 3. exd5 {[%clk 01:31:42]} {[%emt 00:00:07]} exd5 {[%clk
01:31:48]} {[%emt 00:00:05]} 4. Bd3 {[%clk 01:31:41]} {[%emt 00:00:31]} Bd6
{[%clk 01:32:13]} {[%emt 00:00:05]} 5. Qf3 {[%clk 01:31:15]} {[%emt 00:00:55]}
Nc6 {[%clk 01:31:39]} {[%emt 00:01:05]} 6. c3 {[%clk 01:30:42]} {[%emt
00:01:03]} Qe7 {[%clk 01:26:10]} {[%emt 00:05:59]} 7. Ne2 {[%clk 01:29:27]}
{[%emt 00:01:44]} Be6 {[%clk 01:13:30]} {[%emt 00:13:11]} 8. Bf4 {[%clk
01:28:11]} {[%emt 00:01:46]} g5 {[%clk 01:06:54]} {[%emt 00:07:06]} 9. Bxd6
{[%clk 01:27:29]} {[%emt 00:01:10]} Qxd6 {[%clk 01:07:02]} {[%emt 00:00:23]}
10. Nd2 {[%clk 01:20:04]} {[%emt 00:07:55]} O-O-O {[%clk 01:05:30]} {[%emt
00:02:02]} 11. O-O-O {[%clk 01:18:57]} {[%emt 00:01:37]} h5 {[%clk 00:54:18]}
{[%emt 00:11:43]} 12. h4 {[%clk 01:11:56]} {[%emt 00:07:31]} g4 {[%clk
00:48:23]} {[%emt 00:06:25]} 13. Qf4 {[%clk 01:08:21]} {[%emt 00:04:05]} Qd7
{[%clk 00:45:33]} {[%emt 00:03:19]} 14. Nf1 {[%clk 01:03:05]} {[%emt 00:05:47]}
Nge7 {[%clk 00:37:41]} {[%emt 00:08:22]} 15. Nfg3 {[%clk 00:51:20]} {[%emt
00:12:14]} Ng6 {[%clk 00:36:58]} {[%emt 00:01:13]} 16. Qf6 {[%clk 00:44:06]}
{[%emt 00:07:45]} Qe7 {[%clk 00:36:30]} {[%emt 00:00:58]} 17. Qxe7 {[%clk
00:44:29]} {[%emt 00:00:07]} Ncxe7 {[%clk 00:36:52]} {[%emt 00:00:07]} 18. Rde1
{[%clk 00:44:37]} {[%emt 00:00:22]} Kd7 {[%clk 00:36:28]} {[%emt 00:00:54]} 19.
Bxg6 {[%clk 00:32:47]} {[%emt 00:12:20]} Nxg6 {[%clk 00:34:53]} {[%emt
00:02:05]} 20. f4 {[%clk 00:24:51]} {[%emt 00:08:26]} Ne7 {[%clk 00:29:45]}
{[%emt 00:05:38]} 21. Kd2 {[%clk 00:23:22]} {[%emt 00:01:59]} Rde8 {[%clk
00:29:16]} {[%emt 00:00:59]} 22. Nc1 {[%clk 00:23:11]} {[%emt 00:00:41]} Nf5
{[%clk 00:23:17]} {[%emt 00:06:30]} 23. Nxf5 {[%clk 00:23:03]} {[%emt
00:00:38]} Bxf5 {[%clk 00:23:41]} {[%emt 00:00:05]} 24. Nd3 {[%clk 00:23:26]}
{[%emt 00:00:08]} Bxd3 {[%clk 00:23:53]} {[%emt 00:00:18]} 25. Kxd3 {[%clk
00:23:47]} {[%emt 00:00:09]} f6 {[%clk 00:17:51]} {[%emt 00:06:32]} 26. g3
{[%clk 00:23:01]} {[%emt 00:01:13]} 1/2-1/2

[Event "DVM U20 2022"]
[Site "Münster GER"]
[Date "2022.12.28"]
[Round "4"]
[White "Skabs, Denis"]
[Black "Enxing, Philemon"]
[Result "1-0"]
[Termination "normal"]
[Board "2.5"]
[WhiteElo "2021"]
[BlackElo "1828"]
[WhiteClock "00:04:42"]
[BlackClock "00:01:53"]
[WhiteTeam "Schachfreunde Brackel 1930 e. V."]
[BlackTeam "Schachgemeinschaft Leipzig"]
[PlyCount "119"]
[WhiteFideId "16248449"]
[BlackFideId "16217632"]
[EventCountry "GER"]
[EventRounds "7"]
[EventType "team-swiss"]
[EventDate "2022.12.26"]

1. e4 {[%clk 01:30:58]} {[%emt 00:00:02]} e6 {[%clk 01:30:56]} {[%emt
00:00:04]} 2. Nf3 {[%clk 01:31:03]} {[%emt 00:00:26]} d5 {[%clk 01:31:08]}
{[%emt 00:00:18]} 3. Nc3 {[%clk 01:31:26]} {[%emt 00:00:06]} Nf6 {[%clk
01:30:42]} {[%emt 00:00:56]} 4. e5 {[%clk 01:31:51]} {[%emt 00:00:05]} Nfd7
{[%clk 01:31:03]} {[%emt 00:00:09]} 5. d4 {[%clk 01:32:16]} {[%emt 00:00:06]}
c5 {[%clk 01:31:21]} {[%emt 00:00:11]} 6. Bg5 {[%clk 01:32:06]} {[%emt
00:00:40]} Qb6 {[%clk 01:20:33]} {[%emt 00:11:19]} 7. dxc5 {[%clk 01:30:47]}
{[%emt 00:01:48]} Nxc5 {[%clk 01:20:01]} {[%emt 00:01:02]} 8. Rb1 {[%clk
01:30:21]} {[%emt 00:00:56]} Nc6 {[%clk 01:17:31]} {[%emt 00:03:00]} 9. Bb5
{[%clk 01:25:57]} {[%emt 00:04:53]} Qc7 {[%clk 01:07:26]} {[%emt 00:10:35]} 10.
O-O {[%clk 01:20:07]} {[%emt 00:06:21]} Be7 {[%clk 01:02:35]} {[%emt 00:05:21]}
11. Bxe7 {[%clk 01:18:03]} {[%emt 00:02:33]} Qxe7 {[%clk 01:03:01]} {[%emt
00:00:05]} 12. Nd4 {[%clk 01:05:49]} {[%emt 00:12:44]} Bd7 {[%clk 00:58:38]}
{[%emt 00:04:53]} 13. b4 {[%clk 01:03:54]} {[%emt 00:02:25]} Na6 {[%clk
00:38:32]} {[%emt 00:20:36]} 14. Nxc6 {[%clk 00:58:27]} {[%emt 00:05:56]} Bxc6
{[%clk 00:38:51]} {[%emt 00:00:12]} 15. Bxa6 {[%clk 00:58:34]} {[%emt
00:00:22]} bxa6 {[%clk 00:39:17]} {[%emt 00:00:05]} 16. Re1 {[%clk 00:57:23]}
{[%emt 00:01:42]} Rb8 {[%clk 00:24:18]} {[%emt 00:15:27]} 17. Qg4 {[%clk
00:47:39]} {[%emt 00:10:14]} O-O {[%clk 00:23:38]} {[%emt 00:01:10]} 18. Ne2
{[%clk 00:26:45]} {[%emt 00:21:25]} Ba4 {[%clk 00:21:15]} {[%emt 00:02:53]} 19.
c3 {[%clk 00:25:05]} {[%emt 00:02:10]} Bc2 {[%clk 00:20:20]} {[%emt 00:01:25]}
20. Rbc1 {[%clk 00:25:27]} {[%emt 00:00:08]} Bf5 {[%clk 00:18:22]} {[%emt
00:02:28]} 21. Qg3 {[%clk 00:21:44]} {[%emt 00:04:13]} Rfc8 {[%clk 00:16:44]}
{[%emt 00:02:07]} 22. Nd4 {[%clk 00:22:07]} {[%emt 00:00:08]} Bg6 {[%clk
00:16:04]} {[%emt 00:01:11]} 23. Nb3 {[%clk 00:22:21]} {[%emt 00:00:15]} Qc7
{[%clk 00:13:50]} {[%emt 00:02:44]} 24. Qe3 {[%clk 00:19:14]} {[%emt 00:03:37]}
Qb6 {[%clk 00:11:11]} {[%emt 00:03:09]} 25. Qd2 {[%clk 00:16:21]} {[%emt
00:03:20]} Rc7 {[%clk 00:06:14]} {[%emt 00:05:30]} 26. a4 {[%clk 00:16:40]}
{[%emt 00:00:11]} Rbc8 {[%clk 00:04:28]} {[%emt 00:02:15]} 27. a5 {[%clk
00:16:36]} {[%emt 00:00:34]} Qb5 {[%clk 00:04:14]} {[%emt 00:00:45]} 28. Nc5
{[%clk 00:16:09]} {[%emt 00:00:57]} Rc6 {[%clk 00:03:28]} {[%emt 00:01:15]} 29.
Qd4 {[%clk 00:16:07]} {[%emt 00:00:33]} Rxc5 {[%clk 00:02:20]} {[%emt
00:01:38]} 30. bxc5 {[%clk 00:16:18]} {[%emt 00:00:19]} Qxc5 {[%clk 00:01:03]}
{[%emt 00:01:47]} 31. Qa4 {[%clk 00:14:10]} {[%emt 00:02:38]} Bd3 {[%clk
00:01:13]} {[%emt 00:00:19]} 32. Red1 {[%clk 00:09:06]} {[%emt 00:05:34]} Bb5
{[%clk 00:01:12]} {[%emt 00:00:31]} 33. Qa1 {[%clk 00:09:18]} {[%emt 00:00:19]}
Qc7 {[%clk 00:00:44]} {[%emt 00:00:58]} 34. f4 {[%clk 00:09:39]} {[%emt
00:00:08]} Qc4 {[%clk 00:00:59]} {[%emt 00:00:16]} 35. Rd4 {[%clk 00:09:28]}
{[%emt 00:00:41]} Qe2 {[%clk 00:01:18]} {[%emt 00:00:11]} 36. h3 {[%clk
00:09:48]} {[%emt 00:00:10]} h6 {[%clk 00:01:06]} {[%emt 00:00:42]} 37. Kh2
{[%clk 00:09:09]} {[%emt 00:01:09]} Qe3 {[%clk 00:01:05]} {[%emt 00:00:31]} 38.
Qb2 {[%clk 00:09:13]} {[%emt 00:00:25]} Rc4 {[%clk 00:00:58]} {[%emt 00:00:38]}
39. g3 {[%clk 00:08:26]} {[%emt 00:01:17]} h5 {[%clk 00:00:42]} {[%emt
00:00:46]} 40. Qd2 {[%clk 00:05:17]} {[%emt 00:03:39]} Qf3 {[%clk 00:01:11]}
{[%emt 00:00:01]} 41. Rd3 {[%clk 00:03:35]} {[%emt 00:02:12]} Qe4 {[%clk
00:01:11]} {[%emt 00:00:29]} 42. Re1 {[%clk 00:01:58]} {[%emt 00:02:08]} Qf5
{[%clk 00:01:22]} {[%emt 00:00:19]} 43. Rd4 {[%clk 00:01:51]} {[%emt 00:00:37]}
Ra4 {[%clk 00:28:44]} {[%emt 00:03:08]} 44. Rxa4 {[%clk 00:18:28]} {[%emt
00:13:53]} Bxa4 {[%clk 00:27:35]} {[%emt 00:01:38]} 45. Qf2 {[%clk 00:09:39]}
{[%emt 00:09:20]} Bb5 {[%clk 00:25:57]} {[%emt 00:02:07]} 46. Re3 {[%clk
00:07:42]} {[%emt 00:02:27]} Bc4 {[%clk 00:18:50]} {[%emt 00:07:38]} 47. Qf3
{[%clk 00:03:37]} {[%emt 00:04:35]} Qc2 {[%clk 00:18:41]} {[%emt 00:00:38]} 48.
Qg2 {[%clk 00:03:58]} {[%emt 00:00:09]} Qa4 {[%clk 00:12:55]} {[%emt 00:06:16]}
49. g4 {[%clk 00:04:09]} {[%emt 00:00:20]} hxg4 {[%clk 00:13:11]} {[%emt
00:00:13]} 50. hxg4 {[%clk 00:03:37]} {[%emt 00:01:02]} Qxa5 {[%clk 00:13:05]}
{[%emt 00:00:36]} 51. f5 {[%clk 00:04:02]} {[%emt 00:00:06]} Qb6 {[%clk
00:09:58]} {[%emt 00:03:37]} 52. Qf2 {[%clk 00:03:58]} {[%emt 00:00:33]} exf5
{[%clk 00:04:57]} {[%emt 00:05:31]} 53. gxf5 {[%clk 00:04:09]} {[%emt
00:00:19]} Qh6 {[%clk 00:04:55]} {[%emt 00:00:33]} 54. Rh3 {[%clk 00:04:29]}
{[%emt 00:00:09]} Qg5 {[%clk 00:03:39]} {[%emt 00:01:46]} 55. Rg3 {[%clk
00:04:33]} {[%emt 00:00:26]} Qh5 {[%clk 00:02:02]} {[%emt 00:02:07]} 56. Kg2
{[%clk 00:04:14]} {[%emt 00:00:49]} Kf8 {[%clk 00:01:56]} {[%emt 00:00:36]} 57.
f6 {[%clk 00:04:07]} {[%emt 00:00:37]} gxf6 {[%clk 00:01:20]} {[%emt 00:01:06]}
58. Qc5 {[%clk 00:04:21]} {[%emt 00:00:17]} Ke8 {[%clk 00:01:36]} {[%emt
00:00:14]} 59. Rg8 {[%clk 00:04:42]} {[%emt 00:00:08]} Kd7 {[%clk 00:01:53]}
{[%emt 00:00:13]} 60. Qd6# {[%emt 00:00:06]} 1-0

[Event "DVM U20 2022"]
[Site "Münster GER"]
[Date "2022.12.28"]
[Round "4"]
[White "Wang, Ruiming"]
[Black "Garbuz, Nicole"]
[Result "1/2-1/2"]
[Termination "normal"]
[Board "2.6"]
[WhiteElo "1808"]
[BlackElo "1796"]
[WhiteClock "00:28:13"]
[BlackClock "00:12:56"]
[WhiteTeam "Schachgemeinschaft Leipzig"]
[BlackTeam "Schachfreunde Brackel 1930 e. V."]
[PlyCount "87"]
[WhiteFideId "16217659"]
[BlackFideId "12990701"]
[EventCountry "GER"]
[EventRounds "7"]
[EventType "team-swiss"]
[EventDate "2022.12.26"]

1. c4 {[%clk 01:30:22]} {[%emt 00:00:37]} e6 {[%clk 01:30:55]} {[%emt
00:00:05]} 2. g3 {[%clk 01:30:46]} {[%emt 00:00:06]} Nf6 {[%clk 01:31:05]}
{[%emt 00:00:20]} 3. Bg2 {[%clk 01:31:05]} {[%emt 00:00:11]} d5 {[%clk
01:31:23]} {[%emt 00:00:13]} 4. Nf3 {[%clk 01:31:14]} {[%emt 00:00:21]} Be7
{[%clk 01:30:38]} {[%emt 00:01:14]} 5. O-O {[%clk 01:28:25]} {[%emt 00:03:19]}
O-O {[%clk 01:30:48]} {[%emt 00:00:20]} 6. cxd5 {[%clk 01:27:44]} {[%emt
00:01:12]} exd5 {[%clk 01:31:06]} {[%emt 00:00:12]} 7. d4 {[%clk 01:27:42]}
{[%emt 00:00:31]} c6 {[%clk 01:28:07]} {[%emt 00:03:30]} 8. Nc3 {[%clk
01:27:52]} {[%emt 00:00:20]} h6 {[%clk 01:24:51]} {[%emt 00:03:45]} 9. Qb3
{[%clk 01:26:48]} {[%emt 00:01:34]} Bd6 {[%clk 01:21:36]} {[%emt 00:03:45]} 10.
Re1 {[%clk 01:21:35]} {[%emt 00:05:44]} Re8 {[%clk 01:20:38]} {[%emt 00:01:28]}
11. Bd2 {[%clk 01:20:37]} {[%emt 00:01:27]} Nbd7 {[%clk 01:14:27]} {[%emt
00:06:41]} 12. Qc2 {[%clk 01:11:50]} {[%emt 00:09:18]} Ne4 {[%clk 01:07:00]}
{[%emt 00:07:56]} 13. Bc1 {[%clk 00:52:04]} {[%emt 00:20:16]} Ndf6 {[%clk
00:57:48]} {[%emt 00:09:42]} 14. Nd2 {[%clk 00:40:31]} {[%emt 00:12:04]} Bf5
{[%clk 00:51:24]} {[%emt 00:06:53]} 15. Qb3 {[%clk 00:39:09]} {[%emt 00:01:53]}
Qd7 {[%clk 00:40:19]} {[%emt 00:11:31]} 16. Ndxe4 {[%clk 00:37:38]} {[%emt
00:02:04]} dxe4 {[%clk 00:37:18]} {[%emt 00:03:31]} 17. d5 {[%clk 00:27:43]}
{[%emt 00:10:26]} Bh3 {[%clk 00:32:35]} {[%emt 00:05:13]} 18. Be3 {[%clk
00:23:53]} {[%emt 00:04:20]} Bxg2 {[%clk 00:30:52]} {[%emt 00:02:12]} 19. Kxg2
{[%clk 00:24:18]} {[%emt 00:00:05]} Ng4 {[%clk 00:26:57]} {[%emt 00:04:25]} 20.
Red1 {[%clk 00:21:18]} {[%emt 00:03:30]} Nxe3 {[%clk 00:20:41]} {[%emt
00:06:46]} 21. fxe3 {[%clk 00:21:44]} {[%emt 00:00:05]} c5 {[%clk 00:20:01]}
{[%emt 00:01:09]} 22. Nb5 {[%clk 00:19:46]} {[%emt 00:02:28]} b6 {[%clk
00:18:06]} {[%emt 00:02:26]} 23. Rf1 {[%clk 00:16:18]} {[%emt 00:03:58]} a6
{[%clk 00:15:56]} {[%emt 00:02:40]} 24. Nxd6 {[%clk 00:15:58]} {[%emt
00:00:50]} Qxd6 {[%clk 00:16:19]} {[%emt 00:00:06]} 25. Rf4 {[%clk 00:16:11]}
{[%emt 00:00:17]} Re5 {[%clk 00:14:28]} {[%emt 00:02:21]} 26. Raf1 {[%clk
00:13:36]} {[%emt 00:03:05]} f6 {[%clk 00:13:59]} {[%emt 00:00:59]} 27. Rd1
{[%clk 00:12:13]} {[%emt 00:01:53]} b5 {[%clk 00:12:58]} {[%emt 00:01:31]} 28.
Kf1 {[%clk 00:08:00]} {[%emt 00:04:43]} Rd8 {[%clk 00:10:28]} {[%emt 00:03:00]}
29. Ke1 {[%clk 00:07:16]} {[%emt 00:01:14]} c4 {[%clk 00:07:18]} {[%emt
00:03:40]} 30. Qc2 {[%clk 00:07:01]} {[%emt 00:00:45]} f5 {[%clk 00:03:42]}
{[%emt 00:04:07]} 31. g4 {[%clk 00:06:39]} {[%emt 00:00:52]} Qg6 {[%clk
00:02:31]} {[%emt 00:01:40]} 32. h3 {[%clk 00:03:53]} {[%emt 00:03:15]} Rexd5
{[%clk 00:02:17]} {[%emt 00:00:45]} 33. Rxd5 {[%clk 00:03:46]} {[%emt
00:00:37]} Rxd5 {[%clk 00:02:44]} {[%emt 00:00:03]} 34. b3 {[%clk 00:04:03]}
{[%emt 00:00:13]} Qe6 {[%clk 00:01:47]} {[%emt 00:01:27]} 35. gxf5 {[%clk
00:03:48]} {[%emt 00:00:45]} Rxf5 {[%clk 00:01:44]} {[%emt 00:00:33]} 36. Rxe4
{[%clk 00:02:47]} {[%emt 00:01:31]} Qf6 {[%clk 00:02:00]} {[%emt 00:00:13]} 37.
Rf4 {[%clk 00:01:50]} {[%emt 00:01:27]} Rxf4 {[%clk 00:02:18]} {[%emt
00:00:13]} 38. exf4 {[%clk 00:02:16]} {[%emt 00:00:05]} Qxf4 {[%clk 00:02:45]}
{[%emt 00:00:03]} 39. Qg6 {[%clk 00:02:15]} {[%emt 00:00:31]} cxb3 {[%clk
00:02:29]} {[%emt 00:00:46]} 40. axb3 {[%clk 00:02:38]} {[%emt 00:00:06]} Qc1
{[%clk 00:01:01]} {[%emt 00:01:57]} 41. Kf2 {[%clk 00:03:02]} {[%emt 00:00:06]}
Qf4 {[%clk 00:30:06]} {[%emt 00:01:26]} 42. Kg2 {[%clk 00:29:19]} {[%emt
00:04:12]} a5 {[%clk 00:13:09]} {[%emt 00:17:28]} 43. Qe8 {[%clk 00:28:13]}
{[%emt 00:01:36]} Kh7 {[%clk 00:12:56]} {[%emt 00:00:41]} 44. Qxb5 {[%emt
00:03:17]} 1/2-1/2